01016nam a2200229 a 450000100100000000500170001000800410002704000250006808200180009310000280011124501390013926000830027830000130036149000180037450000700039265000350046283000250049704900090052295201160053195201220064799900170076900001758820250501133637.0100329s1973 dr 000 0 spa d aDO-SdBNPbspacBNPHU a613.94bC167i1 aCalveti, Vinicio93835810aImportancia de la planificación de la familia para la mujer como individuo y su influencia en la funcion de la mujer en la sociedad. a[Santo Domingo] :bAsociación Dominicana Pro Bienestar de la Familia,c1973. a[14 p.].1 aDocumentosv8 aIncluye datos biográficos del autor en la solapa de la cubierta 0aControl de la natalidad926740 0aDocumentosn8938359 aBNPD 0010718PDaPDbPDcCTd2010-03-29iLF1l0o613.94 C167ip17588-10r2020-06-25w2020-06-25yLFPDZNo se presta 0010718PDaPDbPDcCTd2011-04-08iLF1l0o613.94 C167ip17588-20r2020-06-25te. 2w2020-06-25yLFPDZNo se presta c17113d17113